Farm incomes increase for second year (Record no. 72018)
[ view plain ]
| 000 -LEADER | |
|---|---|
| fixed length control field | 00877cam a2200205 4500 |
| 001 - CONTROL NUMBER | |
| control field | WB3904-26 |
| 008 - FIXED-LENGTH DATA ELEMENTS--GENERAL INFORMATION | |
| fixed length control field | 030130n2003 000 0 eng u |
| 035 ## - SYSTEM CONTROL NUMBER | |
| System control number | (Sirsi) u121193 |
| 245 ## - TITLE STATEMENT | |
| Title | Farm incomes increase for second year |
| 260 ## - PUBLICATION, DISTRIBUTION, ETC. | |
| Date of publication, distribution, etc. | 2003 |
| 490 ## - SERIES STATEMENT | |
| Series statement | DEFRA News Release |
| Volume/sequential designation | (34/03) 30 January 2003, (2) |
| 520 ## - SUMMARY, ETC. | |
| Summary, etc. | DEFRA statistics just released show farm incomes rising by 15% in 2002 beating the November forecast of 11%. Income per head rose by 20% with the average full-time farmer earning £11 136 in 2002. Total income is still far below its 1995 peak. Statistical news release is at http://www.defra.gov.uk/esg/work_htm/Notices/account.pdf http://www.defra.gov.uk/news/2003/030130a.htm |
| 590 ## - LOCAL NOTE (RLIN) | |
| Local note | WB |
| 650 ## - SUBJECT ADDED ENTRY--TOPICAL TERM | |
| Topical term or geographic name entry element | FARM INCOMES |
| 650 ## - SUBJECT ADDED ENTRY--TOPICAL TERM | |
| Topical term or geographic name entry element | AGRICULTURE |
| 650 ## - SUBJECT ADDED ENTRY--TOPICAL TERM | |
| Topical term or geographic name entry element | UNITED KINGDOM |
| 650 ## - SUBJECT ADDED ENTRY--TOPICAL TERM | |
| Topical term or geographic name entry element | STATISTICS |
| 690 ## - LOCAL SUBJECT ADDED ENTRY--TOPICAL TERM (OCLC, RLIN) | |
| Topical term or geographic name as entry element | Rural |
| 9 (RLIN) | 6268 |
| 942 ## - ADDED ENTRY ELEMENTS (KOHA) | |
| Suppress in OPAC | 0 |
| Withdrawn status | Lost status | Source of classification or shelving scheme | Damaged status | Not for loan | Home library | Current library | Shelving location | Date acquired | Total Checkouts | Full call number | Barcode | Date last seen | Copy number | Price effective from | Koha item type |
|---|---|---|---|---|---|---|---|---|---|---|---|---|---|---|---|
| Dewey Decimal Classification | London | London | News article | 30/01/2003 | WB3904-26 | 121193-1001 | 06/08/2019 | 1 | 06/08/2019 | News article |